Anyone but George Washington Quiz Stats

 Plays Quiz Updated Jan 20, 2017

Challenge
Share
Tweet
Embed
Score 0/18 Timer 03:00
0 Plays Today
Name any other President... Answer % Correct
...that was born before the Declaration of Independence was signed (7)John Adams, Thomas Jefferson, James Madison...
97.8%
...that is or was featured on U.S. paper money (12)John Adams, Thomas Jefferson, James Madison...
94.6%
...that reached the rank of General in the United States Army (9)Andrew Jackson, William Henry Harrison, Zachary Taylor...
94.1%
...that was born in Virginia (7)Thomas Jefferson, James Madison, James Monroe...
89.3%
...that is the namesake of a state or national capital (5)Thomas Jefferson, James Madison, James Monroe...
86.6%
...that was a farmer (6)John Adams, Thomas Jefferson, James Madison...
83.8%
...that did not attend college (7)Andrew Jackson, Martin Van Buren, Zachary Taylor...
81.9%
...that served in at least two wars (stateside service does not count) (4)Andrew Jackson, William Henry Harrison, Zachary Taylor...
77.7%
...that appointed at least five judges to the Supreme Court (5)Andrew Jackson, Abraham Lincoln, William Howard Taft...
77.4%
Name any other President... Answer % Correct
...that was born in February (3)William Henry Harrison, Abraham Lincoln, Ronald Reagan
73.9%
...that is the namesake of a college or university with an NCAA team (5)Thomas Jefferson, James Madison, Franklin Pierce...
73.3%
...that was taller than 6'2 (7)Thomas Jefferson, Abraham Lincoln, Franklin Roosevelt...
68.7%
...that would have a fortune of at least $100 million in 2010 dollars (according to 24/7 Wall Street) (6)Thomas Jefferson, James Madison, Andrew Jackson, Donald Trump...
62.3%
...that received a Congressional Gold Medal (7)Andrew Jackson, William Henry Harrison, Zachary Taylor...
60.1%
...that had no biological children (4)James Madison, Andrew Jackson, James Polk...
59.9%
...that served in municipal government prior to being elected President (6)Martin Van Buren, Abraham Lincoln, Andrew Johnson...
49.2%
...that was previously featured on the currency of the Philippines (3)William McKinley, Franklin Roosevelt, Ronald Reagan
44.2%
...that died in December (2)Harry Truman, Gerald Ford
20.2%

You're not logged in!

Compare scores with friends on all Sporcle quizzes.
OR
Log In

You Might Also Like...

Show Comments

Extras

Top Quizzes Today


Score Distribution

Your Account Isn't Verified!

In order to create a playlist on Sporcle, you need to verify the email address you used during registration. Go to your Sporcle Settings to finish the process.

Report this User

Report this user for behavior that violates our Community Guidelines.

Details: